[Event "St Veit op-B 36th"]
[Site "St Veit"]
[Date "2017.07.09"]
[Round "3.5"]
[White "Griessenberger, Markus"]
[Black "Enne, Harald"]
[Result "1/2-1/2"]
[WhiteElo "1817"]
[BlackElo "1984"]
[PlyCount "118"]
[EventDate "2017.07.08"]
[EventType "swiss"]
[EventRounds "9"]
[EventCountry "AUT"]
[SourceTitle "EXT 2024"]
[Source "ChessBase"]
[SourceDate "2023.10.10"]
[SourceVersion "1"]
[SourceVersionDate "2023.10.10"]
[SourceQuality "1"]

1. d4 d5 2. Bf4 Nf6 3. e3 e6 4. Nf3 c5 5. c3 Nc6 6. Ne5 Be7 7. Bd3 0-0 8. Nd2 Re8 9. b3 cxd4 10. Nxc6 bxc6 11. exd4 Qb6 12. 0-0 Ba6 13. Qe2 Bxd3 14. Qxd3 c5 15. Be3 Rac8 16. dxc5 Bxc5 17. Rac1 Rc6 18. h3 Rec8 19. Bxc5 Qxc5 20. Rc2 Qd6 21. c4 Qc7 22. Re1 Rd8 23. Qf3 h6 24. Rec1 Rc8 25. Qe3 a5 26. Nf3 Qb7 27. Nd4 Rc5 28. cxd5 Rxc2 29. Rxc2 Rxc2 30. Nxc2 Qxd5 31. Qe2 Ne4 32. Ne3 Nc3 33. Qc2 Qe5 34. g3 Ne4 35. Kg2 Nf6 36. Nc4 Qd5+ 37. f3 Qd4 38. Qd2 Qxd2+ 39. Nxd2 Nd5 40. a3 Nb6 41. Kf2 Kf8 42. Ke3 a4 43. b4 e5 44. Kd3 f6 45. Nc4 Nd5 46. Nd6 Nb6 47. g4 g6 48. Ne4 Ke7 49. Nc5 f5 50. gxf5 gxf5 51. Kc3 Kd6 52. Kd3 Kd5 53. Kc3 Nc4 54. Nxa4 Nxa3 55. Nb6+ Ke6 56. Nc4 Nb5+ 57. Kd3 Kd5 58. Ne3+ Ke6 59. Nc2 Nd6 1/2-1/2